Countries with the Most Internet Users per Square Kilometer - Statistics

General Stats
  • This quiz has been taken 11 times
  • The average score is 12 of 20
Answer Stats
Density Continent Country % Correct
7,929 Asia Singapore
100%
18,603 Europe Monaco
89%
2,180 Asia Bahrain
78%
1,572 Europe Malta
78%
534 Europe Netherlands
78%
604 Asia Bangladesh
67%
368 Europe Belgium
67%
286 Asia Japan
67%
1,934 Europe Vatican City
67%
406 Asia Israel
56%
517 Asia Lebanon
56%
1,484 Asia Maldives
56%
482 Europe San Marino
56%
517 Asia South Korea
56%
283 Asia Kuwait
44%
502 N. America Barbados
33%
471 Africa Mauritius
33%
496 Oceania Nauru
33%
295 Asia Philippines
33%
810 Asia Palestine
11%
No matching quizzes found
Score Distribution
Percent of People with Each Score
Percentile by Number Answered
Your Score History
You have not taken this quiz